Sons d'una nissaga : la música dels Güell la música dels Güell
Descripción Física:
1 punt de llibre ; il·lustrat ; blanc i negre ; 7 x 20 cm
Idioma:
Catalán
MARC
| LEADER | 00000nrm a22000007a 4500 | ||
|---|---|---|---|
| 001 | 27672 | ||
| 003 | Arxiu | ||
| 005 | 20260324181513.0 | ||
| 008 | 230411b spa||||| |||| 00| 0 cat d | ||
| 017 | |a B 26059-2019 | ||
| 040 | |a agdb |b cat | ||
| 110 | 2 | |9 17034 |a Palau Güell (Barcelona) | |
| 245 | |a Sons d'una nissaga : |b la música dels Güell | ||
| 260 | |a Barcelona : |b Palau Güell : |b Diputació de Barcelona ; |c 2019 | ||
| 300 | |a 1 punt de llibre ; |b il·lustrat ; blanc i negre ; |c 7 x 20 cm | ||
| 500 | |a Punt de llibre editat en motiu de la presentació del llibre "Sons d'una nissaga: la música dels Güell" de María Sanhuesa Fonseca, duta a terme el 21 de novembre de 2019. | ||
| 500 | |a Il·lustrat amb un fotografia de detall de la forja amb la inicial del propietari que decora una de les reixes de les portes d'accés al Palau. | ||
| 610 | 2 | 0 | |9 52964 |a Palau Güell (Barcelona) |x Activitats culturals |
| 655 | 0 | |9 52700 |a Punts de llibre | |
| 942 | |2 udc |c ARXIU |n 1 | ||
| 952 | |0 0 |1 0 |2 udc |4 0 |6 NBM1712 |7 1 |9 66040 |a Arxiu |b Arxiu |d 2023-04-11 |l 0 |o NBM-17-12 |p 27672 |r 2023-04-11 00:00:00 |w 2023-04-11 |y ARXIU | ||
| 999 | |c 83330 |d 83330 | ||